Sztuka Etruska - Statystyki

Ogólne statystyki
  • Ten quiz został rozwiązany 10 razy
  • Średni wynik to 8 z 21
Statystyki odpowiedzi
Obrazkowy Hint Odpowiedź % Poprawnych
Porządek Toskański | porządek Toskański
100%
1 poł 4Wp.n.e Chimera z Arezzo
80%
Koniec 6W p.n.e Sarkofag małżonków
80%
Plan świątyni etruskiej
60%
509r.p.n.e Świątynia Jowisza Najlepszego Największego | Świątynia Etruska
60%
Bucchero
40%
Grobowce etruskie
40%
470-450r.p.n.e Grobowiec lampartów
40%
Urna etruska
40%
6Wp.n.e Wulka- Apollo z Wejów | Apollo z Wejów
40%
470.p.n.e Grobowiec Triclinium
20%
530-520.p.n.e Malowidło z grobowca Augurów
20%
470-450.p.n.e Malowidło z grobowca lampartów
20%
520-10r.p.n.e Malowidlo  z grobowca Łowiectwa i Rybołówstwa
20%
Ok.100r.p.n.e Mówca Aule Metele
20%
Tancerka | Malowidło Tancerka
20%
Uczta | Malowidlo uczta
20%
Walka bokserska | Malowidło Walka bokserska
20%
3-2Wp.n.e Wątroba z Piecenzy
20%
480-470r.p.n.e Wilczyca kapitalońska
20%
2Wp.n.e Sarkofag Seianti Hanunii Tlesnasy
0%
Nie znaleziono quizów pasujących do podanych kryteriów
Rozkład punktacji
Procent ludzi z każdym wynikiem
Percentyl według liczby udzielonych odpowiedzi
Twoja historia wyników
Nie rozwiązałeś tego quizu